| 000 | 00442nam a22001457a 4500 | ||
|---|---|---|---|
| 082 |
_aP-446(C) _bP-446(C) |
||
| 100 |
_aWaqas ul Hassan, Syndicate No 15 _948230 |
||
| 245 |
_aEnhancement of flexural strength of reinforced concrete beam using CFRP _cWaqas ul Hassan, Kashif Saddiqi |
||
| 260 | _c2010 | ||
| 300 | _a64 P, : | ||
| 526 |
_a0 _b0 _c0 _dP_446C_P446C |
||
| 650 | _aProject | ||
| 700 |
_aDr Muhammad Rizwan _934659 |
||
| 942 |
_2ddc _cBK |
||
| 999 |
_c551232 _d551232 |
||